Psychological effects of single parenthood on academic performance of high school students in Nakuru West, Nakuru County, Kenya / (Record no. 60143)
[ view plain ]
| 000 -LEADER | |
|---|---|
| fixed length control field | 00949nam a22002297a 4500 |
| 005 - DATE AND TIME OF LATEST TRANSACTION | |
| control field | 20260205122233.0 |
| 008 - FIXED-LENGTH DATA ELEMENTS--GENERAL INFORMATION | |
| fixed length control field | 260205b |||||||| |||| 00| 0 eng d |
| 050 ## - LIBRARY OF CONGRESS CALL NUMBER | |
| Classification number | THE LC95 |
| Item number | .W39 2025 |
| 100 ## - MAIN ENTRY--PERSONAL NAME | |
| Personal name | Waweru, Jecinta Nyambura |
| 245 ## - TITLE STATEMENT | |
| Title | Psychological effects of single parenthood on academic performance of high school students in Nakuru West, Nakuru County, Kenya / |
| 260 ## - PUBLICATION, DISTRIBUTION, ETC. (IMPRINT) | |
| Place of publication, distribution, etc | Limuru, Kenya: |
| Name of publisher, distributor, etc | St. Paul's University, |
| Date of publication, distribution, etc | 2025. |
| 300 ## - PHYSICAL DESCRIPTION | |
| Extent | xiii, 114p. ; |
| Dimensions | 30cm. |
| 521 ## - TARGET AUDIENCE NOTE | |
| Target audience note | Includes bibliographical references |
| 650 ## - SUBJECT ADDED ENTRY--TOPICAL TERM | |
| Topical term or geographic name as entry element | Single-parent families |
| General subdivision | Psychological aspects |
| 650 ## - SUBJECT ADDED ENTRY--TOPICAL TERM | |
| Topical term or geographic name as entry element | Students |
| General subdivision | Mental health |
| Geographic subdivision | Kenya |
| 650 ## - SUBJECT ADDED ENTRY--TOPICAL TERM | |
| Topical term or geographic name as entry element | Academic achievement |
| General subdivision | Psychological aspects |
| Geographic subdivision | Kenya |
| 650 ## - SUBJECT ADDED ENTRY--TOPICAL TERM | |
| Topical term or geographic name as entry element | Secondary school students |
| Geographic subdivision | Kenya |
| 700 ## - ADDED ENTRY--PERSONAL NAME | |
| Personal name | Ngure, Jane |
| Relator term | Dr. |
| 700 ## - ADDED ENTRY--PERSONAL NAME | |
| Personal name | Gacohi, J. Njeri |
| Relator term | Dr. |
| 856 ## - ELECTRONIC LOCATION AND ACCESS | |
| Uniform Resource Identifier | https://repository.spu.ac.ke/xmlui/handle/123456789/6670 |
| 942 ## - ADDED ENTRY ELEMENTS (KOHA) | |
| Source of classification or shelving scheme | Library of Congress Classification |
| Item type | Thesis |
| Withdrawn status | Lost status | Source of classification or shelving scheme | Damaged status | Not for loan | Collection code | Home library | Current library | Shelving location | Date acquired | Source of acquisition | Total Checkouts | Full call number | Barcode | Date last seen | Uniform Resource Identifier | Price effective from | Koha item type |
|---|---|---|---|---|---|---|---|---|---|---|---|---|---|---|---|---|---|
| Library of Congress Classification | Not For Loan | Non-fiction | Bishop Okullu Memorial Library (Limuru Campus) | Bishop Okullu Memorial Library (Limuru Campus) | Special Collection | 05/02/2026 | Donation | THE LC95 .W39 2025 | 072533 | 05/02/2026 | https://repository.spu.ac.ke/xmlui/handle/123456789/6670 | 05/02/2026 | Thesis |